Cell biology. (Record no. 26672)

MARC details
000 -LEADER
fixed length control field 00347nam a2200133Ia 4500
082 ## - DEWEY DECIMAL CLASSIFICATION NUMBER
Classification number 576
Item number KIM
100 ## - MAIN ENTRY--AUTHOR NAME
Personal name KIMBALL, John W
245 #0 - TITLE STATEMENT
Title Cell biology.
260 ## - PUBLICATION, DISTRIBUTION, ETC. (IMPRINT)
Place of publication California
Name of publisher Addison Wesley
Year of publication 1968
490 ## - SERIES STATEMENT
Series statement Addison Wesley series in life science.
650 ## - SUBJECT ADDED ENTRY--TOPICAL TERM
Topical Term Cell biology
942 ## - ADDED ENTRY ELEMENTS (KOHA)
Koha item type Books
Holdings
Withdrawn status Lost status Damaged status Not for loan Home library Current library Date acquired Full call number Accession Number Koha item type
        RRII Library RRII Library 16/12/2021 576 KIM 07304 Books